00345 a2200121 450000100060000010000210000624500290002726000260005609000150008294200230009799900190012095200840013911226 aS.Irtza. Hussain aAfghanistan Some Aspects abMatbooat-e-Hurmedc c8778d8778 aNUST-CAEcMc35575 c246299d246299 001040708NFICaCAEbCAEd2017-04-03l0pCAE49772r2017-04-05w2017-04-05yBK